| 000 | 00835cam a2200133 4500500 | ||
|---|---|---|---|
| 005 | 20251214005326.0 | ||
| 041 | _afre | ||
| 042 | _adc | ||
| 100 | 1 | 0 |
_aSegrestin, Denis _eauthor |
| 245 | 0 | 0 | _aSociologie de l'entreprise |
| 260 |
_bArmand Colin,
_c2014. |
||
| 520 | _aCe livre fait retour sur l’histoire, sur le contexte particulier de la France, sur le sort réservé à ce jour à l’entreprise par la sociologie.L’usine et la société industrielle. L’entrée en scène de la classe ouvrière. Les métamorphoses du patronat. Le siècle des organisateurs. Les sociologues face à Taylor. L’entreprise en action. La forme française de l’entreprise. Les tendances : l’entreprise institution. | ||
| 856 | 4 | 1 | _uhttps://shs.cairn.info/sociologie-de-l-entreprise--9782200014353?lang=fr&redirect-ssocas=7080 |
| 999 |
_c1568776 _d1568776 |
||